[Event "CAN-ch w"]
[Site "Toronto CAN"]
[Date "2001.08.04"]
[Round "1"]
[White "Starr (Shterenberg), Nava"]
[Black "Trottier, Julie"]
[Result "1-0"]
[WhiteElo "2261"]
[BlackElo "1971"]
[PlyCount "75"]
[GameId "2160767911555260"]
[EventDate "2001.08.04"]
[EventType "swiss"]
[EventRounds "6"]
[EventCountry "CAN"]

1. e4 d5 2. exd5 Qxd5 3. Nc3 Qd6 4. Bc4 Nf6 5. d3 c6 6. Nge2 b5 7. Bb3 g6 8. O-O Bg7 9. Bf4 Qd8 10. Ng3 O-O 11. Qf3 Bb7 12. Nxb5 Nd5 13. Bxd5 cxd5 14. Rfe1 Qd7 15. a4 Nc6 16. c3 e5 17. Bd2 Rfe8 18. Qd1 a6 19. Na3 Rad8 20. Nf1 d4 21. c4 Ne7 22. b4 Qc6 23. f3 Nf5 24. Nc2 Rd7 25. b5 axb5 26. axb5 Qc8 27. Nb4 Bf8 28. Nc2 Re6 29. Ng3 Nxg3 30. hxg3 Bc5 31. Bb4 Bxb4 32. Nxb4 Qd8 33. c5 Rc7 34. c6 Bc8 35. Qd2 Rce7 36. Ra8 Rc7 37. Rc1 Qd6 38. b6 1-0

[Event "CAN-ch w"]
[Site "Toronto CAN"]
[Date "2001.08.04"]
[Round "2"]
[White "Baltgailis, Vesma"]
[Black "Starr (Shterenberg), Nava"]
[Result "0-1"]
[WhiteElo "1968"]
[BlackElo "2261"]
[PlyCount "46"]
[GameId "2160767911555261"]
[EventDate "2001.08.04"]
[EventType "swiss"]
[EventRounds "6"]
[EventCountry "CAN"]

1. c4 e5 2. g3 Nc6 3. Bg2 f5 4. e3 Nf6 5. Nc3 g6 6. Nge2 Bg7 7. O-O O-O 8. d4 e4 9. Nf4 d6 10. b3 Qe8 11. h4 a6 12. Bb2 Bd7 13. Nce2 h6 14. d5 Ne5 15. Nd4 Nfg4 16. Rb1 g5 17. hxg5 hxg5 18. Nfe6 Qh5 19. Re1 Bxe6 20. Nxe6 Qh2+ 21. Kf1 Nf3 22. Bxg7 Qg1+ 23. Ke2 Qxf2# 0-1

[Event "CAN-ch w"]
[Site "Toronto CAN"]
[Date "2001.08.04"]
[Round "2"]
[White "Belc, Daniela"]
[Black "Maric, Gordana"]
[Result "1-0"]
[WhiteElo "2198"]
[BlackElo "1682"]
[PlyCount "141"]
[GameId "2160767911555262"]
[EventDate "2001.08.04"]
[EventType "swiss"]
[EventRounds "6"]
[EventCountry "CAN"]

1. d4 d5 2. c4 e6 3. Nc3 Nf6 4. Nf3 c6 5. Bf4 Nbd7 6. cxd5 exd5 7. e3 Qa5 8. Bd3 Bb4 9. Qc2 O-O 10. O-O Qd8 11. h3 Re8 12. a3 Ba5 13. Rac1 Nf8 14. b4 Bc7 15. Bxc7 Qxc7 16. b5 Bd7 17. bxc6 Bxc6 18. Ne5 Qe7 19. a4 Rec8 20. Bf5 Ne6 21. Qb2 Rab8 22. Rc2 Qe8 23. Rfc1 g6 24. Bg4 Qd8 25. Bf3 Ng5 26. Be2 Nge4 27. Bd3 Nxc3 28. Rxc3 Qe8 29. Qc2 Kg7 30. Nxc6 bxc6 31. Rxc6 Rxc6 32. Qxc6 Qxc6 33. Rxc6 Rb6 34. Rc7 Rb3 35. Bc2 Rb2 36. f3 Ne8 37. Rc3 Nd6 38. Bb3 Rb1+ 39. Kh2 Ra1 40. Kg3 Ra3 41. Rd3 Kf6 42. Kf2 Nf5 43. g4 Ne7 44. h4 h6 45. Ke2 Ra1 46. Rd1 Ra3 47. Rb1 h5 48. Kd2 Nc6 49. Bxd5 Na5 50. Rc1 Nb3+ 51. Bxb3 Rxb3 52. Rc6+ Kg7 53. gxh5 gxh5 54. d5 Rb2+ 55. Kd3 Rb3+ 56. Kd4 Rb4+ 57. Rc4 Rb1 58. d6 Rd1+ 59. Kc5 Kf8 60. Kc6 Ke8 61. Kc7 Rd2 62. e4 f6 63. Rc5 Rd1 64. a5 Rd2 65. f4 Rd1 66. e5 fxe5 67. fxe5 Rd2 68. e6 Rd1 69. d7+ Ke7 70. Kc8 Rd6 71. Rc7 1-0

[Event "CAN-ch w"]
[Site "Toronto CAN"]
[Date "2001.08.04"]
[Round "2"]
[White "Benggawan, Alexandra"]
[Black "Chichkina, Olya"]
[Result "1/2-1/2"]
[WhiteElo "1774"]
[BlackElo "1983"]
[PlyCount "45"]
[GameId "2160767911555263"]
[EventDate "2001.08.04"]
[EventType "swiss"]
[EventRounds "6"]
[EventCountry "CAN"]

1. e4 e6 2. d4 d5 3. Nd2 Nf6 4. e5 Nfd7 5. Bd3 c5 6. c3 Nc6 7. Ne2 Qb6 8. Nf3 cxd4 9. cxd4 f6 10. exf6 Nxf6 11. O-O Bd6 12. b3 Bd7 13. Bb2 Nb4 14. Bb1 O-O 15. a3 Nc6 16. Bd3 Be8 17. Ng5 e5 18. dxe5 Nxe5 19. Bd4 Qa5 20. Bc3 Qb6 21. Bd4 Qa5 22. Bc3 Qb6 23. Bd4 1/2-1/2

[Event "CAN-ch w"]
[Site "Toronto CAN"]
[Date "2001.08.04"]
[Round "2"]
[White "Brestoiu, Doina"]
[Black "Trottier, Julie"]
[Result "0-1"]
[WhiteElo "2100"]
[BlackElo "1971"]
[PlyCount "90"]
[GameId "2160767911555265"]
[EventDate "2001.08.04"]
[EventType "swiss"]
[EventRounds "6"]
[EventCountry "CAN"]

1. e4 d5 2. exd5 Qxd5 3. Nc3 Qd6 4. d4 Nf6 5. Nf3 a6 6. Bc4 c5 7. Ng5 e6 8. Be3 cxd4 9. Qxd4 Nc6 10. Qxd6 Bxd6 11. O-O-O Be7 12. Nge4 O-O 13. Bb6 Ne5 14. Be2 Ned7 15. Bc7 b5 16. Nd6 Ra7 17. Ba5 Ne5 18. f4 Nc6 19. Bb6 Rd7 20. Nxc8 Rxc8 21. Bf3 b4 22. Ne4 Nd5 23. Bc5 a5 24. Bxe7 Ncxe7 25. Rd2 Nf5 26. Kb1 Rdc7 27. g3 a4 28. Be2 b3 29. c3 bxa2+ 30. Kxa2 Nfe3 31. Bb5 a3 32. Kxa3 Rd8 33. Kb3 Rb8 34. Nd6 Rc6 35. c4 Rxd6 36. cxd5 Rxb5+ 37. Ka4 Ra5+ 38. Kxa5 Nc4+ 39. Kb4 Nxd2 40. dxe6 Rxe6 41. Rd1 Rd6 42. Re1 Kf8 43. Kc5 Re6 44. Rxe6 fxe6 45. Kd6 Nc4+ 0-1

[Event "CAN-ch w"]
[Site "Toronto CAN"]
[Date "2001.08.04"]
[Round "2"]
[White "Bryskine, Marina"]
[Black "Dobrishman, Liat"]
[Result "1-0"]
[WhiteElo "2052"]
[BlackElo "1841"]
[PlyCount "91"]
[GameId "2160767911555266"]
[EventDate "2001.08.04"]
[EventType "swiss"]
[EventRounds "6"]
[EventCountry "CAN"]

1. e4 d5 2. exd5 Qxd5 3. Nc3 Qa5 4. d4 c6 5. Nf3 Bg4 6. Be2 e6 7. O-O Nf6 8. Re1 Be7 9. h3 Bh5 10. Bf4 O-O 11. a3 Nbd7 12. b4 Qd8 13. Qd3 Bg6 14. Qd2 Nb6 15. Ne5 Bf5 16. Bf3 Bd6 17. g4 Bg6 18. Nxg6 fxg6 19. Bxd6 Qxd6 20. Ne4 Nxe4 21. Bxe4 e5 22. Rad1 exd4 23. Qxd4 Qxd4 24. Rxd4 Rae8 25. Red1 Rf4 26. f3 Ref8 27. Kg2 R4f7 28. c4 Kh8 29. c5 Nd5 30. Bxd5 cxd5 31. R1d3 Re7 32. Rxd5 Re2+ 33. Kg3 Kg8 34. Rd7 Rf7 35. Rxf7 Kxf7 36. Rd7+ Re7 37. Rxe7+ Kxe7 38. Kf4 Ke6 39. Ke4 h6 40. a4 a6 41. h4 Kf6 42. Kd5 h5 43. b5 g5 44. hxg5+ Kxg5 45. gxh5 Kxh5 46. bxa6 1-0

[Event "CAN-ch w"]
[Site "Toronto CAN"]
[Date "2001.08.04"]
[Round "2"]
[White "Kagramanov, Dina"]
[Black "Mitrovic, Bojana"]
[Result "1/2-1/2"]
[WhiteElo "1938"]
[BlackElo "2171"]
[PlyCount "104"]
[GameId "2160767911555267"]
[EventDate "2001.08.04"]
[EventType "swiss"]
[EventRounds "6"]
[EventCountry "CAN"]

1. e4 g6 2. d4 Bg7 3. Nc3 c6 4. f4 d5 5. e5 h5 6. Bd3 Qb6 7. Nge2 Nh6 8. Na4 Qc7 9. b3 Bf5 10. Ba3 b5 11. Nc5 Qa5+ 12. Qd2 Qxa3 13. Bxf5 Nxf5 14. O-O Na6 15. Nd3 e6 16. Rf3 Qe7 17. a4 Nb8 18. axb5 cxb5 19. Qa5 a6 20. Nb4 O-O 21. Rc3 Qd8 22. Rc7 Re8 23. Nd3 Bf8 24. Nc5 Re7 25. Rxe7 Qxa5 26. Rxa5 Bxe7 27. c3 Kf8 28. Kf2 Bd8 29. Ra1 Ke7 30. b4 a5 31. bxa5 Rxa5 32. Rb1 Bb6 33. Nb3 Ra2 34. Nbc1 Ra5 35. h3 Kd7 36. g4 hxg4 37. hxg4 Ne7 38. Nd3 Na6 39. Rh1 Nc6 40. Rh7 Ke8 41. f5 gxf5 42. gxf5 exf5 43. Rh6 Nab8 44. Nb4 Nxb4 45. cxb4 Ra6 46. Rh8+ Kd7 47. Rxb8 Kc6 48. Rf8 Ra7 49. Ke3 Rd7 50. Kf4 Bd8 51. Kxf5 Bh4 52. Rh8 Be7 1/2-1/2

[Event "CAN-ch w"]
[Site "Toronto CAN"]
[Date "2001.08.04"]
[Round "2"]
[White "Khaziyeva, Dinara"]
[Black "Sviridovitch, Alina"]
[Result "1-0"]
[WhiteElo "1998"]
[BlackElo "1777"]
[PlyCount "97"]
[GameId "2160767911555268"]
[EventDate "2001.08.04"]
[EventType "swiss"]
[EventRounds "6"]
[EventCountry "CAN"]

1. c4 g6 2. g3 Bg7 3. Bg2 d6 4. Nf3 Nf6 5. O-O O-O 6. d3 e5 7. Bg5 h6 8. Bxf6 Bxf6 9. Nc3 Nc6 10. Rb1 Bg7 11. b4 f5 12. Qc2 Be6 13. b5 Ne7 14. Nd2 Rb8 15. a4 Qd7 16. Rfc1 f4 17. Nd5 fxg3 18. hxg3 Nf5 19. e3 h5 20. Nf3 Nh6 21. Ng5 Bg4 22. f3 Bf5 23. e4 Be6 24. Nxe6 Qxe6 25. Nxc7 Qd7 26. Nd5 Nf7 27. c5 dxc5 28. Qxc5 Ng5 29. Rf1 Ne6 30. Qe7 Qxe7 31. Nxe7+ Kf7 32. Nd5 Nc5 33. Rfc1 Nxd3 34. Rc3 Rbc8 35. Rxd3 Rc4 36. Rc3 Rxa4 37. Rc7+ Kg8 38. Rxb7 g5 39. Rc1 h4 40. gxh4 gxh4 41. Rcc7 Bf6 42. Bh3 Ra1+ 43. Kf2 Ra2+ 44. Ke1 Ra1+ 45. Ke2 Ra2+ 46. Kd1 Rd8 47. Be6+ Kf8 48. Rf7+ Ke8 49. Rxf6 1-0

[Event "CAN-ch w"]
[Site "Toronto CAN"]
[Date "2001.08.04"]
[Round "2"]
[White "Rodina, Nataliya"]
[Black "Chu, Stefanie"]
[Result "0-1"]
[WhiteElo "2037"]
[BlackElo "2020"]
[PlyCount "162"]
[GameId "2160767911555269"]
[EventDate "2001.08.04"]
[EventType "swiss"]
[EventRounds "6"]
[EventCountry "CAN"]
[SourceTitle "EXT 2002"]
[Source "ChessBase"]
[SourceDate "2001.11.25"]
[SourceVersion "1"]
[SourceVersionDate "2001.11.25"]
[SourceQuality "1"]

1. e4 c5 2. Nf3 d6 3. d4 cxd4 4. Nxd4 Nf6 5. Nc3 a6 6. a4 Nc6 7. Be2 e6 8. Be3 Be7 9. O-O O-O 10. Qd2 Re8 11. Nb3 b6 12. f4 Qc7 13. Bf3 Rb8 14. Rfd1 Na5 15. Nxa5 bxa5 16. b3 Bb7 17. Qd3 Rbc8 18. Bd2 Red8 19. Qe2 d5 20. e5 Bc5+ 21. Kh1 Bd4 22. exf6 Bxc3 23. Bxc3 Qxc3 24. Rac1 Qxf6 25. g3 Rc3 26. Rd3 Rdc8 27. Rxc3 Rxc3 28. Bg2 Qd4 29. Re1 Qc5 30. Rc1 Rxb3 31. Qe5 Rb4 32. f5 exf5 33. Qxf5 Rxa4 34. Re1 Qc6 35. Qe5 g6 36. Rf1 Qe6 37. Qc7 Rb4 38. Qxa5 Qb6 39. Qa1 d4 40. Qe1 Bxg2+ 41. Kxg2 Qc6+ 42. Kg1 Rb2 43. Qf2 Qd5 44. Re1 Kg7 45. Rf1 f5 46. Rd1 a5 47. Qxd4+ Qxd4+ 48. Rxd4 Rxc2 49. Ra4 Rc5 50. Kf2 Re5 51. Kf3 g5 52. h3 h5 53. Rc4 g4+ 54. Kg2 Kf6 55. h4 Re6 56. Ra4 Re5 57. Rc4 Re4 58. Rc8 a4 59. Ra8 Ke6 60. Ra5 Kd6 61. Kf2 Ke6 62. Ra6+ Kd5 63. Ra5+ Kd6 64. Rxf5 Re5 65. Rf6+ Kc5 66. Ra6 Kb4 67. Ra8 a3 68. Rb8+ Rb5 69. Ra8 Kb3 70. Ke3 a2 71. Kd2 Kb2 72. Ke3 a1=Q 73. Rxa1 Kxa1 74. Kf4 Kb2 75. Ke3 Kc3 76. Kf4 Kc2 77. Ke4 Kd2 78. Kf4 Ke2 79. Ke4 Kf2 80. Kf4 Ra5 81. Ke4 Kxg3 0-1

[Event "CAN-ch w"]
[Site "Toronto CAN"]
[Date "2001.08.04"]
[Round "2"]
[White "Smith, Hazel"]
[Black "Benggawan, Amanda"]
[Result "0-1"]
[WhiteElo "1677"]
[BlackElo "2004"]
[PlyCount "64"]
[GameId "2160767911555270"]
[EventDate "2001.08.04"]
[EventType "swiss"]
[EventRounds "6"]
[EventCountry "CAN"]

1. e4 c5 2. Nf3 Nc6 3. d4 cxd4 4. Nxd4 Qb6 5. Nxc6 bxc6 6. Nc3 d6 7. a3 Nf6 8. Bc4 e6 9. Bb3 Be7 10. O-O O-O 11. Be3 Qc7 12. f4 d5 13. exd5 exd5 14. Kh1 Rd8 15. Ne2 c5 16. Bd2 Bb7 17. Qe1 Qd7 18. Rd1 d4 19. Ng3 Qh3 20. Qf2 Ng4 21. Qg1 d3 22. Ba5 c4 23. Bb4 Bxb4 24. axb4 Ne3 25. Rf2 Nxd1 26. Qxd1 dxc2 27. Qxc2 cxb3 28. Qxb3 Rac8 29. Kg1 Rc1+ 30. Nf1 Qxb3 31. Re2 Qd1 32. Rf2 Rd2 0-1

[Event "CAN-ch w"]
[Site "Toronto CAN"]
[Date "2001.08.05"]
[Round "3"]
[White "Benggawan, Amanda"]
[Black "Kagramanov, Dina"]
[Result "0-1"]
[WhiteElo "2004"]
[BlackElo "1938"]
[PlyCount "77"]
[GameId "2160767911555271"]
[EventDate "2001.08.04"]
[EventType "swiss"]
[EventRounds "6"]
[EventCountry "CAN"]

1. e4 c5 2. Nf3 e6 3. d4 cxd4 4. Nxd4 a6 5. c4 g6 6. Nc3 Bg7 7. Be3 b6 8. Bd3 Bb7 9. O-O Nc6 10. Nc2 Nge7 11. f4 d5 12. cxd5 exd5 13. exd5 Nxd5 14. Nxd5 Qxd5 15. Qe2 O-O 16. Bc4 Qa5 17. Rab1 Rad8 18. b4 Qf5 19. Bxb6 Rfe8 20. Qf2 Rc8 21. Bb3 Bc3 22. h3 Re4 23. g4 Qd7 24. Rbd1 Qe8 25. Qg3 Nxb4 26. Nxb4 Bxb4 27. Bf2 Bc6 28. Bd5 Bxd5 29. Rxd5 Qe6 30. Qd3 Re8 31. Rd4 Rxd4 32. Qxd4 a5 33. a4 Qc6 34. Qd1 Qc7 35. Bd4 Rd8 36. Qa1 Bc5 37. Bxc5 Qxc5+ 38. Kg2 Rd2+ 39. Kh1 0-1

[Event "CAN-ch w"]
[Site "Toronto CAN"]
[Date "2001.08.05"]
[Round "3"]
[White "Chichkina, Olya"]
[Black "Maric, Gordana"]
[Result "1-0"]
[WhiteElo "1983"]
[BlackElo "1682"]
[PlyCount "99"]
[GameId "2160767911555272"]
[EventDate "2001.08.04"]
[EventType "swiss"]
[EventRounds "6"]
[EventCountry "CAN"]

1. e4 c6 2. d4 d5 3. e5 Bf5 4. Nf3 e6 5. Be2 Nd7 6. O-O h6 7. Nbd2 c5 8. c3 Ne7 9. Nh4 Bh7 10. f4 Nf5 11. Nxf5 Bxf5 12. g4 Bh7 13. Nf3 Be7 14. Bd3 Bxd3 15. Qxd3 Qb6 16. a3 c4 17. Qc2 O-O-O 18. Bd2 Kb8 19. Rfb1 Qb3 20. Qxb3 cxb3 21. Be3 a5 22. a4 Nb6 23. Nd2 Rc8 24. Nxb3 Nc4 25. Kf2 Rc6 26. Nd2 Rhc8 27. Nxc4 Rxc4 28. f5 Rh8 29. fxe6 fxe6 30. Ke2 Rcc8 31. Rf1 Rhf8 32. Rxf8 Rxf8 33. Rf1 Kc7 34. Rxf8 Bxf8 35. Kd3 Kc6 36. b3 b5 37. axb5+ Kxb5 38. Bd2 Kc6 39. c4 Bb4 40. Bxb4 axb4 41. g5 h5 42. g6 dxc4+ 43. Kxc4 h4 44. h3 Kb6 45. Kxb4 Kc6 46. Kc4 Kc7 47. Kc5 Kd7 48. b4 Kc7 49. b5 Kd7 50. b6 1-0

[Event "CAN-ch w"]
[Site "Toronto CAN"]
[Date "2001.08.05"]
[Round "3"]
[White "Chu, Stefanie"]
[Black "Baltgailis, Vesma"]
[Result "1-0"]
[WhiteElo "2020"]
[BlackElo "2015"]
[PlyCount "135"]
[GameId "2160767911555273"]
[EventDate "2001.08.04"]
[EventType "swiss"]
[EventRounds "6"]
[EventCountry "CAN"]
[SourceTitle "EXT 2002"]
[Source "ChessBase"]
[SourceDate "2001.11.25"]
[SourceVersion "1"]
[SourceVersionDate "2001.11.25"]
[SourceQuality "1"]

1. e4 c5 2. Nf3 g6 3. d4 Bg7 4. dxc5 Qa5+ 5. c3 Qxc5 6. Na3 Nf6 7. Nb5 Na6 8. Be3 Qc6 9. Nxa7 Qxe4 10. Bd3 Qg4 11. O-O O-O 12. Qb3 d6 13. Nxc8 Qxc8 14. Bc4 e6 15. Rfd1 d5 16. Bb5 Nc5 17. Qb4 Na6 18. Qh4 Nc7 19. Be2 b5 20. Bd4 Ne4 21. Bd3 Bxd4 22. Nxd4 Nd6 23. Re1 Qd8 24. Qf4 Qd7 25. Re3 f6 26. Qg4 f5 27. Qe2 Nc4 28. Nxe6 Rfe8 29. Bxc4 bxc4 30. Nxc7 Rxe3 31. Qxe3 Qxc7 32. Qe6+ Qf7 33. Qxf7+ Kxf7 34. a4 Ke6 35. f4 Kd6 36. a5 Kc5 37. Kf2 Ra6 38. Ke3 Re6+ 39. Kd2 Kb5 40. a6 Rxa6 41. Rxa6 Kxa6 42. Ke3 Kb5 43. Kd4 Kc6 44. Ke5 Kc5 45. h3 h5 46. h4 Kc6 47. Kf6 Kb5 48. Ke6 Kc5 49. Ke5 Kc6 50. Kf6 Kb5 51. Kxg6 Ka4 52. Kxh5 Kb3 53. Kg5 Kxb2 54. h5 Kxc3 55. h6 d4 56. h7 d3 57. h8=Q+ Kc2 58. Qc8 Kc3 59. Qxf5 Kd2 60. Qa5+ c3 61. f5 Kc2 62. Qa2+ Kd1 63. Qa1+ Kd2 64. f6 c2 65. f7 c1=Q 66. Qxc1+ Kxc1 67. f8=Q d2 68. Qd6 1-0

[Event "CAN-ch w"]
[Site "Toronto CAN"]
[Date "2001.08.05"]
[Round "3"]
[White "Dobrishman, Liat"]
[Black "Belc, Daniela"]
[Result "1-0"]
[WhiteElo "1841"]
[BlackElo "2198"]
[PlyCount "59"]
[GameId "2160767911555274"]
[EventDate "2001.08.04"]
[EventType "swiss"]
[EventRounds "6"]
[EventCountry "CAN"]

1. d4 d5 2. c4 c6 3. Nc3 e6 4. e3 Nf6 5. b3 Bb4 6. Bb2 Ne4 7. Qc2 O-O 8. Bd3 f5 9. Nge2 Qh4 10. Nf4 Bd6 11. g3 Qe7 12. O-O-O Na6 13. Qe2 Nxc3 14. Bxc3 dxc4 15. Bxc4 b5 16. Bd3 Bb7 17. Rhg1 Ba3+ 18. Kb1 Nb4 19. g4 Nxd3 20. Nxd3 g6 21. Ne5 c5 22. gxf5 Rxf5 23. e4 Rf4 24. f3 cxd4 25. Bxd4 g5 26. Qxb5 h6 27. Ng6 Qh7 28. Nxf4 Bxe4+ 29. fxe4 Qxe4+ 30. Qd3 1-0

[Event "CAN-ch w"]
[Site "Toronto CAN"]
[Date "2001.08.05"]
[Round "3"]
[White "Mitrovic, Bojana"]
[Black "Khaziyeva, Dinara"]
[Result "0-1"]
[WhiteElo "2171"]
[BlackElo "1998"]
[PlyCount "82"]
[GameId "2160767911555275"]
[EventDate "2001.08.04"]
[EventType "swiss"]
[EventRounds "6"]
[EventCountry "CAN"]

1. Nf3 d5 2. g3 c6 3. Bg2 Bg4 4. O-O Nd7 5. c4 e6 6. b3 Ngf6 7. Bb2 Bd6 8. d3 O-O 9. Nbd2 a5 10. a3 Re8 11. h3 Bh5 12. Qc2 e5 13. e4 dxe4 14. dxe4 Bxf3 15. Nxf3 Qb6 16. Rfd1 Bc7 17. Rab1 Nc5 18. b4 axb4 19. axb4 Ncxe4 20. c5 Qb5 21. Re1 Qa4 22. Qc4 Qa2 23. Qc2 Qa4 24. Qd3 Rad8 25. Qe3 Qc2 26. Rec1 Qd3 27. Qxd3 Rxd3 28. Rd1 Rxd1+ 29. Rxd1 Nd5 30. b5 Nxc5 31. Ba3 Ne4 32. bxc6 bxc6 33. Rc1 Bb6 34. Rc2 f6 35. Ne1 Nxg3 36. Rxc6 Ne2+ 37. Kf1 Nef4 38. Bxd5+ Nxd5 39. Rd6 Rd8 40. Rc6 Ba5 41. Nf3 Nf4 0-1

[Event "CAN-ch w"]
[Site "Toronto CAN"]
[Date "2001.08.05"]
[Round "3"]
[White "Rodina, Nataliya"]
[Black "Brestoiu, Doina"]
[Result "0-1"]
[WhiteElo "2037"]
[BlackElo "2107"]
[PlyCount "100"]
[GameId "2160767911555276"]
[EventDate "2001.08.04"]
[EventType "swiss"]
[EventRounds "6"]
[EventCountry "CAN"]
[SourceTitle "EXT 2002"]
[Source "ChessBase"]
[SourceDate "2001.11.25"]
[SourceVersion "1"]
[SourceVersionDate "2001.11.25"]
[SourceQuality "1"]

1. e4 c5 2. Nf3 a6 3. d4 cxd4 4. Nxd4 Nf6 5. Nc3 e5 6. Nf3 Bb4 7. Bd2 d6 8. Bd3 Bxc3 9. Bxc3 Be6 10. O-O Nbd7 11. Qe2 Nc5 12. Nd2 O-O 13. Bc4 Bxc4 14. Qxc4 Rc8 15. Qe2 Na4 16. Qe3 Nxc3 17. bxc3 d5 18. exd5 Nxd5 19. Qxe5 Nxc3 20. Nf3 Qc7 21. Qxc7 Rxc7 22. Rfe1 Rfc8 23. h3 h6 24. Nd2 b5 25. Ne4 Nxe4 26. Rxe4 Rxc2 27. a4 Rc1+ 28. Rxc1 Rxc1+ 29. Kh2 Rc4 30. Re8+ Kh7 31. axb5 axb5 32. Rb8 Rb4 33. Rb6 h5 34. g3 f6 35. Kg2 Kg6 36. Rb7 Rb3 37. h4 b4 38. Kf1 Rb2 39. Ke1 b3 40. Kd1 Kf5 41. Kc1 Rxf2 42. Rxb3 Kg4 43. Kd1 Rf3 44. Rb7 g6 45. Rg7 Kf5 46. Ra7 Rxg3 47. Ra5+ Kg4 48. Ra4+ Kh3 49. Ke1 Rg4 50. Ra3+ Kxh4 0-1

[Event "CAN-ch w"]
[Site "Toronto CAN"]
[Date "2001.08.05"]
[Round "3"]
[White "Starr (Shterenberg), Nava"]
[Black "Bryskine, Marina"]
[Result "1-0"]
[WhiteElo "2261"]
[BlackElo "2052"]
[PlyCount "51"]
[GameId "2160767911555278"]
[EventDate "2001.08.04"]
[EventType "swiss"]
[EventRounds "6"]
[EventCountry "CAN"]

1. e4 e5 2. Nf3 Nc6 3. Nc3 Nf6 4. d4 exd4 5. Nxd4 Bb4 6. Nxc6 bxc6 7. Bd3 O-O 8. O-O h6 9. e5 Bxc3 10. bxc3 Nh7 11. f4 d5 12. f5 Qe7 13. Bf4 Qc5+ 14. Kh1 Qxc3 15. Qh5 Re8 16. f6 Nxf6 17. exf6 Qxf6 18. Bxh6 Re5 19. Bg5 g6 20. Bxf6 Rxh5 21. Rae1 Bf5 22. Bxf5 Rxf5 23. Rxf5 gxf5 24. Kg1 Rb8 25. Re3 Rb6 26. Rh3 1-0

[Event "CAN-ch w"]
[Site "Toronto CAN"]
[Date "2001.08.05"]
[Round "3"]
[White "Sviridovitch, Alina"]
[Black "Benggawan, Alexandra"]
[Result "1/2-1/2"]
[WhiteElo "1777"]
[BlackElo "1774"]
[PlyCount "100"]
[GameId "2160767911555279"]
[EventDate "2001.08.04"]
[EventType "swiss"]
[EventRounds "6"]
[EventCountry "CAN"]

1. e4 e6 2. d3 d5 3. Nd2 c5 4. Ngf3 Nc6 5. g3 Bd6 6. Bg2 Nge7 7. O-O O-O 8. Nh4 f6 9. f4 Qc7 10. c3 b6 11. Qc2 Bb7 12. f5 Nd8 13. fxe6 Nxe6 14. exd5 Bxd5 15. Nhf3 Rad8 16. Ne4 Ng6 17. Be3 Ne5 18. Rad1 Rfe8 19. Nh4 Ng4 20. Nf5 Nxe3 21. Nxe3 Bxe4 22. dxe4 Ng5 23. Nd5 Qc8 24. Rf5 Qe6 25. Re1 Be5 26. Rff1 Qg4 27. Qe2 Qxe2 28. Rxe2 Rxd5 29. exd5 Bd4+ 30. cxd4 Rxe2 31. dxc5 bxc5 32. Rf2 Re1+ 33. Rf1 Re2 34. Rd1 Kf8 35. h4 Ne4 36. Bxe4 Rxe4 37. Kf2 Ke8 38. Rc1 c4 39. Kf3 f5 40. b3 cxb3 41. axb3 Kd7 42. Ra1 Kd6 43. Rxa7 Rg4 44. Ra4 h5 45. Ra5 Rd4 46. Ke3 Re4+ 47. Kf3 Rd4 48. Rb5 Rg4 49. Ra5 Rd4 50. Ke3 Re4+ 1/2-1/2

[Event "CAN-ch w"]
[Site "Toronto CAN"]
[Date "2001.08.05"]
[Round "3"]
[White "Trottier, Julie"]
[Black "Smith, Hazel"]
[Result "1-0"]
[WhiteElo "1971"]
[BlackElo "1677"]
[PlyCount "122"]
[GameId "2160767911555280"]
[EventDate "2001.08.04"]
[EventType "swiss"]
[EventRounds "6"]
[EventCountry "CAN"]

1. d4 Nf6 2. c4 e6 3. Nf3 d6 4. g3 Nc6 5. Bg2 e5 6. dxe5 dxe5 7. Qxd8+ Kxd8 8. O-O h6 9. Nc3 Bf5 10. Rd1+ Ke8 11. Nh4 Bd7 12. b3 a6 13. Bb2 Bc5 14. e3 Rd8 15. Nd5 Rc8 16. b4 Nxb4 17. Nxb4 Bxb4 18. Bxe5 Bc6 19. Bh3 Bd7 20. Nf5 Bf8 21. Bxf6 gxf6 22. Ng7+ Bxg7 23. Bxd7+ Ke7 24. Bxc8 Rxc8 25. Rab1 Rb8 26. Rb3 b6 27. c5 b5 28. c6 Rc8 29. Ra3 f5 30. f4 Ke6 31. Rxa6 Bf8 32. Ra7 Bd6 33. Rd3 Re8 34. Rb7 b4 35. Ra7 Kf6 36. Ra5 Rb8 37. Rad5 Ke6 38. g4 fxg4 39. Rh5 Rh8 40. Kg2 f5 41. h3 gxh3+ 42. Rxh3 Ke7 43. Rh5 Ke6 44. Kf3 Rh7 45. Rd2 Kf6 46. Rd5 Ke6 47. Rdxf5 Be7 48. Rd5 Bd6 49. e4 Rh8 50. Rb5 Rh7 51. e5 Bf8 52. f5+ Kf7 53. Rb7 Ke8 54. Rb8+ Kf7 55. Rc8 Kg8 56. e6 Re7 57. Rxh6 Kg7 58. Rg6+ Kh7 59. Rxf8 Rg7 60. Rxg7+ Kxg7 61. e7 Kh7 1-0

[Event "CAN-ch w"]
[Site "Toronto CAN"]
[Date "2001.08.05"]
[Round "4"]
[White "Belc, Daniela"]
[Black "Sviridovitch, Alina"]
[Result "1-0"]
[WhiteElo "2198"]
[BlackElo "1777"]
[PlyCount "83"]
[GameId "2160767911555281"]
[EventDate "2001.08.04"]
[EventType "swiss"]
[EventRounds "6"]
[EventCountry "CAN"]

1. d4 g6 2. c4 Bg7 3. Nc3 d6 4. e4 Nf6 5. Be2 O-O 6. Bg5 Nbd7 7. Nf3 e5 8. O-O h6 9. Be3 exd4 10. Nxd4 Re8 11. Qc2 Nc5 12. f3 c6 13. Qd2 Kh7 14. Rad1 Ne6 15. Nxe6 Rxe6 16. Bf4 Bf8 17. Rfe1 Nh5 18. Be3 Nf6 19. Bf1 Qc7 20. Kh1 Bd7 21. c5 Rd8 22. Bc4 d5 23. exd5 cxd5 24. Nxd5 Nxd5 25. Qxd5 Be7 26. Bd3 Kg8 27. Qc4 a6 28. Qc2 Kh7 29. b4 Bf6 30. Bc4 Re7 31. Qb3 Bh4 32. Bf2 Rxe1+ 33. Bxe1 Bxe1 34. Rxe1 Re8 35. Rxe8 Bxe8 36. Qe3 Bc6 37. a3 Qd7 38. h3 Kg7 39. Qe5+ f6 40. Qb8 Qd1+ 41. Kh2 Qd7 42. Qg8# 1-0

[Event "CAN-ch w"]
[Site "Toronto CAN"]
[Date "2001.08.05"]
[Round "4"]
[White "Brestoiu, Doina"]
[Black "Benggawan, Alexandra"]
[Result "1-0"]
[WhiteElo "2100"]
[BlackElo "1774"]
[PlyCount "73"]
[GameId "2160767911555282"]
[EventDate "2001.08.04"]
[EventType "swiss"]
[EventRounds "6"]
[EventCountry "CAN"]

1. e4 e6 2. d4 d5 3. Nc3 Bb4 4. e5 c5 5. a3 Bxc3+ 6. bxc3 Ne7 7. Qg4 Kf8 8. Nf3 Qa5 9. Bd2 Qa4 10. Ra2 b6 11. Bd3 Ba6 12. O-O Bxd3 13. cxd3 Nbc6 14. Qf4 cxd4 15. Ng5 Nf5 16. g4 h6 17. Nxe6+ fxe6 18. gxf5 Ke7 19. Qh4+ Kf7 20. Qh5+ Ke7 21. Qg6 exf5 22. Qxg7+ Ke6 23. Qf6+ Kd7 24. Qxf5+ Kc7 25. Qf7+ Kc8 26. Qxd5 dxc3 27. Bxc3 Qg4+ 28. Kh1 Kc7 29. Bb4 Rad8 30. Bd6+ Kb7 31. f4 Rhf8 32. Rc2 Qd7 33. Rfc1 Rc8 34. Rxc6 Rxc6 35. Qxc6+ Qxc6+ 36. Rxc6 Kxc6 37. Bxf8 1-0

[Event "CAN-ch w"]
[Site "Toronto CAN"]
[Date "2001.08.05"]
[Round "4"]
[White "Bryskine, Marina"]
[Black "Trottier, Julie"]
[Result "1-0"]
[WhiteElo "2052"]
[BlackElo "1971"]
[PlyCount "151"]
[GameId "2160767911555283"]
[EventDate "2001.08.04"]
[EventType "swiss"]
[EventRounds "6"]
[EventCountry "CAN"]

1. e4 d5 2. exd5 Qxd5 3. Nc3 Qd6 4. d4 Nf6 5. Nf3 a6 6. Be2 c5 7. dxc5 Qxd1+ 8. Bxd1 e6 9. Na4 Nbd7 10. b4 a5 11. c3 axb4 12. cxb4 b6 13. c6 Bxb4+ 14. Bd2 Bxd2+ 15. Nxd2 Nc5 16. Nxb6 Rb8 17. Nxc8 Rxc8 18. Bf3 Nd5 19. O-O Rxc6 20. a4 Kd7 21. a5 Ra8 22. Rfb1 Ra7 23. Nc4 Rca6 24. Ra3 f6 25. g3 Nb7 26. Bxd5 exd5 27. Nb6+ Kc6 28. Nc8 Ra8 29. Ne7+ Kc7 30. Nxd5+ Kd6 31. Nb6 Re8 32. Rd3+ Kc6 33. Rc3+ Nc5 34. Nc4 Re4 35. Rd1 Re6 36. Rd8 Re7 37. Rd6+ Kb7 38. Rd1 Kc6 39. Rc2 Re6 40. Kg2 Ra7 41. Rd8 Rd7 42. Rb8 Rb7 43. Ra8 Rb5 44. a6 Re7 45. a7 Rc7 46. Rb8 Rxa7 47. Rc8+ Rc7 48. Rxc7+ Kxc7 49. Ne3 Kd7 50. Nf5 Ne6 51. Rd2+ Kc7 52. Ne3 Kc6 53. h3 Rc5 54. g4 g6 55. Kg3 Rc3 56. Ra2 Kd6 57. Ra7 Rc7 58. Ra8 Nd4 59. Rd8+ Rd7 60. Ra8 Rc7 61. Ra6+ Rc6 62. Ra7 Rc7 63. Rxc7 Kxc7 64. Nd5+ Kd6 65. Nxf6 h6 66. Ng8 Ke6 67. Nxh6 Kf6 68. h4 Kg7 69. g5 Ne2+ 70. Kf3 Ng1+ 71. Ke3 Nh3 72. Ng4 Ng1 73. Ne5 Nh3 74. Nd3 Kf7 75. Nf4 Ng1 76. f3 1-0